[Event "NOR-chT 1112"]
[Site "Norway"]
[Date "2012.03.23"]
[Round "7"]
[White "Johansen, Stian"]
[Black "Hobber, Anders"]
[Result "0-1"]
[WhiteElo "2012"]
[BlackElo "2193"]
[PlyCount "44"]
[EventDate "2011.11.04"]
[EventType "team-tourn"]
[EventRounds "9"]
[EventCountry "NOR"]
[SourceTitle "EXT 2013"]
[Source "ChessBase"]
[SourceDate "2012.11.22"]
[SourceVersion "1"]
[SourceVersionDate "2012.11.22"]
[SourceQuality "1"]
[WhiteTeam "Moss"]
[BlackTeam "Porsgrunn"]
[WhiteTeamCountry "NOR"]
[BlackTeamCountry "NOR"]

1. e4 e6 2. d4 d5 3. e5 b6 4. Ne2 Ne7 5. g3 c5 6. c3 Nbc6 7. Nd2 Nf5 8. Nf3 a5 9. Bh3 Be7 10. Bxf5 exf5 11. dxc5 bxc5 12. Nf4 Be6 13. h4 Qd7 14. Nh5 0-0 15. Bg5 Rfd8 16. Qd2 d4 17. cxd4 Bd5 18. Bf6 Bxf6 19. exf6 Bxf3 20. Qg5 g6 21. Qh6 Qe8+ 22. Kf1 Qf8 0-1

[Event "Reykjavik op"]
[Site "Reykjavik"]
[Date "2012.03.11"]
[Round "7"]
[White "Johansen, Stian"]
[Black "Halldorsson, Bragi"]
[Result "1-0"]
[WhiteElo "1961"]
[BlackElo "2178"]
[PlyCount "87"]
[EventDate "2012.03.06"]
[EventType "swiss"]
[EventRounds "9"]
[EventCountry "ISL"]
[SourceTitle "CBM 147 Extra"]
[Source "ChessBase"]
[SourceDate "2012.04.24"]
[SourceVersion "1"]
[SourceVersionDate "2012.04.24"]
[SourceQuality "1"]

1. d4 c6 2. c4 d5 3. Nf3 Nf6 4. Nc3 dxc4 5. a4 Bf5 6. e3 Na6 7. Bxc4 Nb4 8. 0-0 e6 9. Qe2 Nbd5 10. Nh4 Bg6 11. Nxg6 hxg6 12. e4 Qc7 13. f4 Nb4 14. Be3 0-0-0 15. a5 Kb8 16. a6 b6 17. Rfd1 Ka8 18. Qf3 Rh5 19. g4 Ra5 20. g5 Nh5 21. d5 Bc5 22. dxc6 Nxc6 23. Rxd8+ Nxd8 24. e5+ Qc6 25. Rd1 Ra1 26. Qxc6+ Nxc6 27. Rxa1 Bxe3+ 28. Kg2 Bxf4 29. Rd1 Kb8 30. Rd7 Nxe5 31. Rb7+ Kc8 32. Be2 Bxg5 33. Bxh5 gxh5 34. Rxa7 Nc6 35. Ra8+ Kd7 36. a7 Bc1 37. Rd8+ Nxd8 38. Nd1 Bf4 39. a8Q g5 40. Nc3 Be5 41. Qa7+ Kc6 42. Qa4+ Kd6 43. Ne4+ Kd5 44. Nxg5 1-0